| 000 | 00598nam a22001337a 4500 | ||
|---|---|---|---|
| 020 | _a978-81-291-0193-8 | ||
| 082 |
_a823 _bJAM/T |
||
| 245 |
_aJAMES, HENRY _bTOM JONES |
||
| 260 |
_aDELHI _bRUPA PUBLICATIONS _c2016 |
||
| 300 | _a798 | ||
| 520 | _aThe classic novel Tom Jones is the story of a young man of uncertain birth who falls in love with his neighbor Sophia. He is forced to leave home. Sophia runs away from her home to escape an arranged marriage. The two suffer a series of comic misadventures before they are finally reconciled and allowed to marry | ||
| 650 |
_aNOVEL _zINDIA |
||
| 942 | _cBK | ||
| 999 |
_c3375 _d3375 |
||